[Event "Titled Tuesday intern op 12th Mar Early"]
[Site "Chess.com INT"]
[Date "2024.03.12"]
[Round "2"]
[White "Vivaan, Vijay Saraogi"]
[Black "Jaskolka, Tomasz"]
[Result "0-1"]
[WhiteElo "2007"]
[BlackElo "2241"]
[PlyCount "58"]
[EventDate "2024.03.12"]
[EventType "swiss (blitz)"]
[EventRounds "11"]
[EventCountry "USA"]
[SourceTitle "CB12_2024"]
[SourceDate "2023.10.01"]
[SourceVersion "1"]
[SourceVersionDate "2023.10.01"]
[SourceQuality "1"]

1. e4 c5 2. Nf3 e6 3. d4 cxd4 4. Nxd4 Nc6 5. Nc3 Qc7 6. f4 a6 7. Nxc6 Qxc6 8. Be3 b5 9. Bd3 Bb7 10. 0-0 Nf6 11. a3 b4 12. axb4 Bxb4 13. Rf2 Bxc3 14. bxc3 Nxe4 15. Bxe4 Qxe4 16. Bc5 Qd5 17. Bd4 0-0 18. Qg4 f6 19. Re1 a5 20. Rf3 a4 21. Rg3 g6 22. h4 a3 23. h5 a2 24. hxg6 h5 25. Qh4 a1Q 26. Rxa1 Rxa1+ 27. Kh2 Qf5 28. Rg5 fxg5 29. Qxh5 Qxf4+ 0-1

[Event "Bhubaneswar SOA op 1st"]
[Site "Bhubaneswar"]
[Date "2024.02.01"]
[Round "7"]
[White "Aquino, Jethro Dino"]
[Black "Vivaan, Vijay Saraogi"]
[Result "1-0"]
[WhiteElo "2166"]
[BlackElo "1919"]
[PlyCount "139"]
[EventDate "2024.01.28"]
[EventType "swiss"]
[EventRounds "10"]
[EventCountry "IND"]
[SourceTitle "CB06_2024"]
[SourceDate "2024.02.07"]
[SourceVersion "1"]
[SourceVersionDate "2024.02.07"]
[SourceQuality "1"]

1. e4 c5 2. Nf3 d6 3. d4 cxd4 4. Nxd4 Nf6 5. Nc3 a6 6. f3 e5 7. Nb3 Be6 8. Be3 h5 9. Qd2 Nbd7 10. 0-0-0 Qc7 11. Kb1 Rc8 12. Be2 b5 13. a3 Nc5 14. Nc1 Be7 15. N1a2 0-0 16. Nb4 Qb7 17. Nbd5 Bxd5 18. Nxd5 Nxd5 19. Qxd5 Qb8 20. b3 Ne6 21. Qd2 Rc6 22. c3 Rfc8 23. Rc1 Nc5 24. Qb2 a5 25. c4 bxc4 26. Bxc4 Na4 27. bxa4 Rxc4 28. Rxc4 Qxb2+ 29. Kxb2 Rxc4 30. Rc1 Rxc1 31. Bxc1 f5 32. Kb3 Kf7 33. Kc4 fxe4 34. fxe4 Ke6 35. Be3 Bd8 36. h3 g6 37. Bf2 Bg5 38. Be1 Bd8 39. Bd2 Bc7 40. Kb5 Bd8 41. Bxa5 Bxa5 42. Kxa5 d5 43. exd5+ Kxd5 44. Kb5 e4 45. a5 e3 46. a6 e2 47. a7 e1Q 48. a8Q+ Kd4 49. Qd8+ Ke3 50. Qe7+ Kf2 51. Qxe1+ Kxe1 52. a4 Kf2 53. a5 Kxg2 54. h4 Kg3 55. a6 Kxh4 56. a7 g5 57. a8Q g4 58. Kc4 Kg3 59. Kd3 h4 60. Qh1 h3 61. Qg1+ Kf3 62. Qh2 g3 63. Qxh3 Kf2 64. Qf5+ Kg1 65. Ke3 g2 66. Kf3 Kh2 67. Qh5+ Kg1 68. Qg4 Kf1 69. Qxg2+ Ke1 70. Qe2# 1-0

[Event "Indore op 2nd"]
[Site "Indore"]
[Date "2024.01.12"]
[Round "5"]
[White "Nguyen, Duc Hoa"]
[Black "Vivaan, Vijay Saraogi"]
[Result "1-0"]
[WhiteElo "2322"]
[BlackElo "1921"]
[PlyCount "69"]
[EventDate "2024.01.09"]
[EventType "swiss"]
[EventRounds "10"]
[EventCountry "IND"]
[SourceTitle "CB03_2024"]
[SourceDate "2024.01.17"]
[SourceVersion "1"]
[SourceVersionDate "2024.01.17"]
[SourceQuality "1"]

1. e4 c5 2. Nf3 d6 3. d4 cxd4 4. Nxd4 Nf6 5. f3 e5 6. Bb5+ Bd7 7. Bxd7+ Qxd7 8. Nf5 d5 9. Bg5 Nc6 10. Bxf6 gxf6 11. Nc3 Bb4 12. Qd3 d4 13. 0-0-0 Bxc3 14. bxc3 0-0-0 15. cxd4 exd4 16. Rd2 Qc7 17. Qc4 Rd7 18. Rhd1 Rhd8 19. Nxd4 Rxd4 20. Rxd4 Nxd4 21. Rxd4 Rxd4 22. Qxd4 Qxh2 23. Qxf6 Qxg2 24. Qf5+ Kd8 25. Qxf7 Qg1+ 26. Kd2 Qf2+ 27. Kd3 Qf1+ 28. Kd4 Qg1+ 29. Kd5 b6 30. Ke6 Kc8 31. Qxh7 Qd1 32. Qxa7 Qxf3 33. Qd7+ Kb8 34. Qe8+ Kc7 35. Qf7+ 1-0

[Event "IND-ch U15 48th"]
[Site "Jalgaon"]
[Date "2023.12.31"]
[Round "6"]
[White "Bivor, Adak"]
[Black "Vivaan, Vijay Saraogi"]
[Result "1-0"]
[WhiteElo "1791"]
[BlackElo "1982"]
[PlyCount "107"]
[EventDate "2023.12.27"]
[EventType "swiss"]
[EventRounds "11"]
[EventCountry "IND"]
[SourceTitle "CB02_2024"]
[SourceDate "2024.01.10"]
[SourceVersion "1"]
[SourceVersionDate "2024.01.10"]
[SourceQuality "1"]

1. e4 c5 2. Nf3 d6 3. d4 cxd4 4. Nxd4 Nf6 5. Nc3 a6 6. Be3 e6 7. a3 Be7 8. Qe2 Qc7 9. g4 h6 10. Bg2 Nc6 11. h3 Bd7 12. f4 g6 13. Nb3 g5 14. fxg5 hxg5 15. Bxg5 Ng8 16. Bxe7 Ngxe7 17. 0-0-0 Ne5 18. Qd2 Nc4 19. Qd4 0-0-0 20. Bf1 b5 21. Bxc4 bxc4 22. Nd2 Bb5 23. a4 e5 24. Qf2 Be8 25. Qe2 Kb7 26. Qxc4 Qb6 27. Qb3 Bc6 28. Qxb6+ Kxb6 29. Nc4+ Kc5 30. Ne3 Ng6 31. Ned5 Rh7 32. Rd3 a5 33. b3 Bxd5 34. Nxd5 Kc6 35. Rc3+ Kb7 36. Rc7+ Kb8 37. Rc6 Kb7 38. Rb6+ Ka7 39. Rb5 Ka6 40. b4 Rdh8 41. bxa5 f6 42. Rf1 Rf8 43. Rf3 Rb7 44. Nb4+ Ka7 45. Nc6+ Ka8 46. Rfb3 Rxb5 47. axb5 Kb7 48. Rd3 Kc7 49. Nb4 Kd7 50. Nd5 Rb8 51. b6 Kc6 52. a6 Ra8 53. Rc3+ Kd7 54. b7 1-0

[Event "Titled Tuesday intern op 14th Nov Early"]
[Site "Chess.com INT"]
[Date "2023.11.14"]
[Round "4"]
[White "Erzhanov, Arman"]
[Black "Vivaan, Vijay Saraogi"]
[Result "1-0"]
[WhiteElo "2175"]
[BlackElo "1982"]
[PlyCount "107"]
[EventDate "2023.11.14"]
[EventType "swiss (blitz)"]
[EventRounds "11"]
[EventCountry "USA"]
[SourceTitle "CB47_2023"]
[SourceDate "2023.11.22"]
[SourceVersion "1"]
[SourceVersionDate "2023.11.22"]
[SourceQuality "1"]

1. e4 c5 2. d4 cxd4 3. Qxd4 Nc6 4. Qd3 Nf6 5. Nc3 d6 6. Nf3 g6 7. Be2 Bg7 8. 0-0 0-0 9. Nd5 Be6 10. c3 Qd7 11. Bg5 Bxd5 12. exd5 Ne5 13. Nxe5 dxe5 14. Bf3 Rfd8 15. Rad1 Rac8 16. c4 h6 17. Bh4 g5 18. Bg3 Qc7 19. b3 Nd7 20. Qf5 Nc5 21. Rfe1 e6 22. dxe6 Nxe6 23. Bd5 Nf4 24. Bxf4 exf4 25. Re4 Qd7 26. Qxd7 Rxd7 27. Rde1 Kf8 28. a4 Bf6 29. h4 a5 30. Kh2 b6 31. Kh3 gxh4 32. Rxf4 Bg5 33. Rfe4 Rcd8 34. Kg4 Rxd5 35. cxd5 Rxd5 36. f4 Bf6 37. Re8+ Kg7 38. Rb8 h5+ 39. Kf3 Bd4 40. Rd1 Rd6 41. Ke4 Bc5 42. Rxd6 Bxd6 43. Rxb6 Bb4 44. Rxb4 axb4 45. a5 h3 46. gxh3 Kg6 47. a6 f5+ 48. Ke5 h4 49. a7 Kh6 50. a8Q Kh5 51. Qh8+ Kg6 52. Qg8+ Kh6 53. Kf6 Kh5 54. Qg6# 1-0

[Event "Titled Tuesday intern op 14th Nov Early"]
[Site "Chess.com INT"]
[Date "2023.11.14"]
[Round "7"]
[White "Tulchynskyi, Feliks"]
[Black "Vivaan, Vijay Saraogi"]
[Result "0-1"]
[WhiteElo "2325"]
[BlackElo "1982"]
[PlyCount "50"]
[EventDate "2023.11.14"]
[EventType "swiss (blitz)"]
[EventRounds "11"]
[EventCountry "USA"]
[SourceTitle "CB47_2023"]
[SourceDate "2023.11.22"]
[SourceVersion "1"]
[SourceVersionDate "2023.11.22"]
[SourceQuality "1"]

1. d3 d5 2. Nf3 Nc6 3. g3 e5 4. Bg2 f5 5. 0-0 Nf6 6. Nfd2 Bc5 7. e4 0-0 8. a3 fxe4 9. dxe4 Ng4 10. Bf3 Nxf2 11. Rxf2 Bxf2+ 12. Kg2 Nd4 13. c3 Nxf3 14. Nxf3 Bg4 15. Kxf2 Rxf3+ 16. Qxf3 Bxf3 17. Kxf3 dxe4+ 18. Kxe4 Qd1 19. Nd2 Qe2+ 20. Kd5 Rd8+ 21. Kc5 c6 22. c4 b6+ 23. Kb4 Rd3 24. c5 a5+ 25. Ka4 Rxd2 0-1

[Event "Titled Tuesday intern op 14th Nov Early"]
[Site "Chess.com INT"]
[Date "2023.11.14"]
[Round "5"]
[White "Vivaan, Vijay Saraogi"]
[Black "Lehtosaari, Mauri"]
[Result "1/2-1/2"]
[WhiteElo "1982"]
[BlackElo "2148"]
[PlyCount "105"]
[EventDate "2023.11.14"]
[EventType "swiss (blitz)"]
[EventRounds "11"]
[EventCountry "USA"]
[SourceTitle "CB47_2023"]
[SourceDate "2023.11.22"]
[SourceVersion "1"]
[SourceVersionDate "2023.11.22"]
[SourceQuality "1"]

1. e4 d5 2. exd5 Qxd5 3. Nc3 Qd8 4. d4 Nf6 5. Bc4 a6 6. Nf3 b5 7. Bb3 c5 8. dxc5 Qxd1+ 9. Nxd1 e6 10. Be3 Nfd7 11. a4 b4 12. 0-0 Bxc5 13. Re1 0-0 14. Bxc5 Nxc5 15. Bc4 Bb7 16. Nd4 Nc6 17. Nxc6 Bxc6 18. Ne3 Bxa4 19. b3 Bc6 20. Ra5 Nb7 21. Rxa6 Rxa6 22. Bxa6 Ra8 23. Bc4 Nd6 24. Rd1 Nxc4 25. Nxc4 g6 26. f3 Ra2 27. Rd8+ Kg7 28. Rb8 Rxc2 29. Rxb4 Bd5 30. Ne3 Rb2 31. Nxd5 exd5 32. Rd4 Rxb3 33. Rxd5 Rb2 34. h4 Rb4 35. h5 h6 36. hxg6 Kxg6 37. Kf2 Rb2+ 38. Kg3 f6 39. Rc5 h5 40. Ra5 Rc2 41. Rb5 Rc1 42. Ra5 Rh1 43. Rb5 h4+ 44. Kf2 Ra1 45. Rc5 f5 46. Rc8 Ra2+ 47. Kg1 Kg5 48. Kh2 Ra1 49. Rg8+ Kh5 50. Rh8+ Kg5 51. Rg8+ Kh5 52. Rh8+ Kg5 53. Rg8+ 1/2-1/2

[Event "IND-ch U19"]
[Site "Ahmedabad"]
[Date "2023.09.26"]
[Round "9"]
[White "Jai, Sankar Subramanian"]
[Black "Vivaan, Vijay Saraogi"]
[Result "1/2-1/2"]
[WhiteElo "1761"]
[BlackElo "2152"]
[PlyCount "149"]
[EventDate "2023.09.20"]
[EventType "swiss"]
[EventRounds "11"]
[EventCountry "IND"]
[SourceTitle "EXT 2024"]
[Source "ChessBase"]
[SourceDate "2023.10.10"]
[SourceVersion "1"]
[SourceVersionDate "2023.10.10"]
[SourceQuality "1"]

1. e4 c5 2. Nf3 d6 3. d4 cxd4 4. Nxd4 Nf6 5. Nc3 a6 6. Bg5 Nbd7 7. f4 Qc7 8. Qf3 b5 9. e5 Bb7 10. exd6 Qb6 11. Qe3 e6 12. f5 e5 13. Nb3 Qxd6 14. Na5 Qc7 15. Nxb7 Qxb7 16. Bxf6 gxf6 17. Bd3 Bc5 18. Be4 Qa7 19. Qf3 0-0-0 20. 0-0-0 Nb6 21. Nd5 Nc4 22. Rd3 Rd6 23. b3 Nb6 24. b4 Rxd5 25. Bxd5 Bxb4 26. Rhd1 Kb8 27. Qe4 Qe7 28. c3 Rc8 29. Bc6 Ba3+ 30. Kd2 Qc5 31. Bd5 Na4 32. Ke2 Nxc3+ 33. Rxc3 Qxc3 34. Bb3 Qc7 35. Rd2 Qa7 36. Rd1 Bb2 37. Qd5 Bd4 38. a4 b4 39. Qd6+ Qc7 40. Qxb4+ Ka7 41. Bd5 Rb8 42. Qc4 Rb2+ 43. Rd2 Qb6 44. Rxb2 Qxb2+ 45. Kd1 Qb1+ 46. Ke2 Qb2+ 47. Kd1 Qb6 48. Qc6 Qxc6 49. Bxc6 Kb6 50. Be8 Kc5 51. Ke2 Bg1 52. h3 Kd4 53. Bxf7 Ke4 54. Be6 Kf4 55. a5 Bc5 56. Bc8 Bb4 57. Bxa6 Bxa5 58. Bc8 h5 59. Bd7 Kg3 60. Bc6 Kf4 61. Bd7 h4 62. Bc8 Bb6 63. Bd7 e4 64. Bc8 Kg3 65. Kf1 Bd4 66. Bb7 Kf4 67. Bc8 Ke3 68. Bb7 Bc3 69. Bc6 Kd3 70. Bb5+ Kd2 71. Bc6 Ke3 72. Bb7 Ba5 73. Bc6 Bc7 74. Bb7 Bg3 75. Bc6 1/2-1/2

[Event "Titled Tuesday intern op 12th Sep Early"]
[Site "Chess.com INT"]
[Date "2023.09.12"]
[Round "10"]
[White "Mesa Cruz, Juan Carlos"]
[Black "Vivaan, Vijay Saraogi"]
[Result "1-0"]
[WhiteElo "2139"]
[BlackElo "2152"]
[PlyCount "61"]
[EventDate "2023.09.12"]
[EventType "swiss (blitz)"]
[EventRounds "11"]
[EventCountry "USA"]
[SourceTitle "EXT 2024"]
[Source "ChessBase"]
[SourceDate "2023.10.10"]
[SourceVersion "1"]
[SourceVersionDate "2023.10.10"]
[SourceQuality "1"]

1. Nf3 Nf6 2. c4 e6 3. d4 d5 4. Nc3 Be7 5. cxd5 exd5 6. Bg5 0-0 7. e3 Nbd7 8. Qc2 h6 9. Bh4 Re8 10. Bg3 c6 11. Bd3 Nf8 12. Ne5 c5 13. 0-0 c4 14. Be2 g6 15. b3 Bf5 16. Qb2 Rc8 17. bxc4 dxc4 18. Qxb7 Qa5 19. Rac1 Rc7 20. Qb5 Qxb5 21. Nxb5 Rb7 22. Bxc4 Ne4 23. Nxf7 Nd2 24. Nfd6+ Nxc4 25. Nxb7 Nb6 26. N7d6 Bxd6 27. Nxd6 Re5 28. Bxe5 Bd7 29. Rc7 Ne6 30. Rxa7 Bc6 31. Ra6 1-0

[Event "Titled Tuesday intern op 29th Aug Early"]
[Site "Chess.com INT"]
[Date "2023.08.29"]
[Round "3"]
[White "Vivaan, Vijay Saraogi"]
[Black "Fernandez, Michael"]
[Result "0-1"]
[WhiteElo "2027"]
[BlackElo "2152"]
[PlyCount "58"]
[EventDate "2023.08.29"]
[EventType "swiss (blitz)"]
[EventRounds "11"]
[EventCountry "USA"]
[SourceTitle "EXT 2024"]
[Source "ChessBase"]
[SourceDate "2023.10.10"]
[SourceVersion "1"]
[SourceVersionDate "2023.10.10"]
[SourceQuality "1"]

1. e4 c6 2. d4 d5 3. Nd2 dxe4 4. Nxe4 Bf5 5. Ng3 Bg6 6. h4 h6 7. Nh3 Nf6 8. Nf4 Bh7 9. Bc4 e6 10. 0-0 Be7 11. Re1 0-0 12. c3 Nd5 13. Bxd5 cxd5 14. h5 Nc6 15. Qg4 Kh8 16. Rxe6 Qc8 17. Be3 fxe6 18. Nxe6 Bf6 19. Re1 Re8 20. Bc1 Bg8 21. f4 Rxe6 22. Rf1 Re1 23. Qf3 Rxf1+ 24. Kxf1 Qe6 25. f5 Qe7 26. Bd2 Re8 27. Ne2 Qe4 28. Nf4 Qxf3+ 29. gxf3 Bf7 0-1

[Event "Titled Tuesday intern op 29th Aug Early"]
[Site "Chess.com INT"]
[Date "2023.08.29"]
[Round "8"]
[White "Vivaan, Vijay Saraogi"]
[Black "Wang, Alexander J"]
[Result "1-0"]
[WhiteElo "2027"]
[BlackElo "1841"]
[PlyCount "61"]
[EventDate "2023.08.29"]
[EventType "swiss (blitz)"]
[EventRounds "11"]
[EventCountry "USA"]
[SourceTitle "EXT 2024"]
[Source "ChessBase"]
[SourceDate "2023.10.10"]
[SourceVersion "1"]
[SourceVersionDate "2023.10.10"]
[SourceQuality "1"]

1. e4 c5 2. Nf3 d6 3. d4 cxd4 4. Nxd4 Nf6 5. Nc3 g6 6. Be3 Bg7 7. f3 0-0 8. Bc4 Nc6 9. Qd2 Ne5 10. Bb3 Bd7 11. h4 h5 12. Bh6 Kh7 13. Bxg7 Kxg7 14. 0-0-0 Rc8 15. g4 hxg4 16. h5 Nxh5 17. Rdg1 Rh8 18. fxg4 Bxg4 19. Nd5 Nf6 20. Ne3 Qd7 21. Nef5+ gxf5 22. Nxf5+ Qxf5 23. exf5 Nf3 24. Qf4 Rxh1 25. Rxh1 Rh8 26. Rxh8 Kxh8 27. Qh6+ Kg8 28. Qg6+ Kh8 29. Bxf7 Ne5 30. Qh6+ Nh7 31. Bg6 1-0

[Event "Barcelona Sant Marti op-A 23rd"]
[Site "Barcelona"]
[Date "2023.07.20"]
[Round "8"]
[White "Vivaan, Vijay Saraogi"]
[Black "Jimenez Garcia, Emanuel"]
[Result "0-1"]
[WhiteElo "1739"]
[BlackElo "2437"]
[PlyCount "62"]
[EventDate "2023.07.13"]
[EventType "swiss"]
[EventRounds "9"]
[EventCountry "ESP"]
[SourceTitle "CBM 215 Extra"]
[Source "ChessBase"]
[SourceDate "2023.09.30"]
[SourceVersion "1"]
[SourceVersionDate "2023.09.30"]
[SourceQuality "1"]

1. e4 c6 2. d4 d5 3. Nd2 dxe4 4. Nxe4 Bf5 5. Ng3 Bg6 6. h4 h6 7. Nh3 e6 8. Nf4 Bh7 9. Bc4 Nf6 10. 0-0 Bd6 11. Re1 0-0 12. c3 Re8 13. Ngh5 Nxh5 14. Nxh5 Bg6 15. Qg4 Bf8 16. Bxh6 Bxh5 17. Qxh5 gxh6 18. Re3 Nd7 19. Rg3+ Bg7 20. Re1 Kh8 21. Rxg7 Kxg7 22. Re3 Rg8 23. Rg3+ Kf8 24. Bxe6 fxe6 25. Rf3+ Nf6 26. Qxh6+ Kf7 27. Qh5+ Rg6 28. Qh7+ Rg7 29. Qh5+ Kg8 30. Qe5 Nh7 31. h5 Qd5 0-1

[Event "Barcelona Sant Marti op-A 23rd"]
[Site "Barcelona"]
[Date "2023.07.18"]
[Round "6"]
[White "Vivaan, Vijay Saraogi"]
[Black "Moya Nunez, Pau Salvador"]
[Result "1/2-1/2"]
[WhiteElo "1739"]
[BlackElo "2176"]
[PlyCount "94"]
[EventDate "2023.07.13"]
[EventType "swiss"]
[EventRounds "9"]
[EventCountry "ESP"]
[SourceTitle "CBM 215 Extra"]
[Source "ChessBase"]
[SourceDate "2023.09.30"]
[SourceVersion "1"]
[SourceVersionDate "2023.09.30"]
[SourceQuality "1"]

1. e4 c5 2. Nf3 e6 3. d4 cxd4 4. Nxd4 Nf6 5. Nc3 Nc6 6. Ndb5 Bb4 7. a3 Bxc3+ 8. Nxc3 d5 9. exd5 exd5 10. Bd3 d4 11. Ne2 0-0 12. 0-0 Bg4 13. f3 Bh5 14. Bg5 Qd6 15. Qd2 Bg6 16. Rad1 Rad8 17. Bxg6 hxg6 18. Be3 Rfe8 19. Nxd4 Rxe3 20. Qxe3 Nxd4 21. c3 Qe6 22. Qxe6 Nxe6 23. Rxd8+ Nxd8 24. Rd1 Nc6 25. b4 a6 26. c4 Kf8 27. b5 axb5 28. cxb5 Na5 29. Kf2 Ke7 30. Ke3 b6 31. Kd4 Kd6 32. Kc3+ Nd5+ 33. Kd4 Nc7 34. a4 Nb7 35. Kc4+ Ke7 36. Re1+ Kd7 37. Rd1+ Ke7 38. Re1+ Ne6 39. g3 Kd7 40. Rd1+ Kc7 41. Rd2 g5 42. Rd1 g6 43. Kb4 Nec5 44. Rd5 Ne6 45. Rd2 Nec5 46. Rd5 Ne6 47. Rd2 Nec5 1/2-1/2

[Event "Barcelona Sant Marti op-A 23rd"]
[Site "Barcelona"]
[Date "2023.07.13"]
[Round "1"]
[White "Vivaan, Vijay Saraogi"]
[Black "Claramunt Bassegoda, Marcel"]
[Result "1-0"]
[WhiteElo "1739"]
[BlackElo "2086"]
[PlyCount "71"]
[EventDate "2023.07.13"]
[EventType "swiss"]
[EventRounds "9"]
[EventCountry "ESP"]
[SourceTitle "CBM 215 Extra"]
[Source "ChessBase"]
[SourceDate "2023.09.30"]
[SourceVersion "1"]
[SourceVersionDate "2023.09.30"]
[SourceQuality "1"]

1. e4 c6 2. d4 d5 3. Nd2 dxe4 4. Nxe4 Nf6 5. Nxf6+ exf6 6. Bc4 Be7 7. Ne2 Na6 8. 0-0 Nc7 9. Nf4 0-0 10. Re1 Nd5 11. Bxd5 cxd5 12. Qf3 Bd6 13. Nxd5 Be6 14. Ne3 b5 15. Bd2 Qc7 16. h3 Rfd8 17. a4 Bf4 18. axb5 Qb8 19. Bc3 Bxe3 20. fxe3 Qxb5 21. e4 a5 22. d5 Bc8 23. Qg3 a4 24. Rf1 Qb6+ 25. Kh1 Qd6 26. Qh4 Ba6 27. Rf3 Bb5 28. Re1 Re8 29. Rxf6 gxf6 30. Bxf6 Re5 31. Qg3+ Kf8 32. Bxe5 Qg6 33. Qa3+ Ke8 34. Qb4 Bd7 35. Rf1 Qh5 36. Bf6 1-0

[Event "Barbera del Valles op 45th"]
[Site "Barbera del Valles"]
[Date "2023.07.10"]
[Round "7"]
[White "Vehi Bach, Victor Manuel"]
[Black "Vivaan, Vijay Saraogi"]
[Result "1-0"]
[WhiteElo "2215"]
[BlackElo "1739"]
[PlyCount "145"]
[EventDate "2023.07.04"]
[EventType "swiss"]
[EventRounds "9"]
[EventCountry "ESP"]
[SourceTitle "CBM 215 Extra"]
[Source "ChessBase"]
[SourceDate "2023.09.30"]
[SourceVersion "1"]
[SourceVersionDate "2023.09.30"]
[SourceQuality "1"]

1. e4 c5 2. Nf3 d6 3. d4 cxd4 4. Nxd4 Nf6 5. Nc3 a6 6. h3 e5 7. Nb3 Be6 8. f4 exf4 9. Bxf4 Nc6 10. Qe2 Be7 11. 0-0-0 Qc7 12. g4 h6 13. Kb1 Rc8 14. Qd2 0-0 15. g5 hxg5 16. Bxg5 Rfd8 17. Bd3 Ne5 18. Qg2 b5 19. Rhg1 g6 20. Nd4 b4 21. Nd5 Bxd5 22. exd5 b3 23. axb3 Nh5 24. Bxe7 Qxe7 25. Nf5 Qc7 26. Rgf1 Rd7 27. Nh6+ Kg7 28. Ng4 Nxd3 29. Rxd3 Re7 30. Rc3 Qb7 31. Qd2 Rxc3 32. Qxc3+ Kh7 33. Rd1 Qb5 34. Nf6+ Nxf6 35. Qxf6 Qe2 36. Rd4 Kg8 37. Rh4 Qe1+ 38. Ka2 Qa5+ 39. Ra4 Qe1 40. Rxa6 Re8 41. Ra7 Rf8 42. Qc3 Qf2 43. Ra4 Re8 44. b4 Qf5 45. Qc6 Re2 46. Ra8+ Kh7 47. Qc8 Qxd5+ 48. Ka3 Qf3+ 49. c3 Kh6 50. Qh8+ Kg5 51. Ra5+ f5 52. Qd8+ Kh6 53. Qh4+ Qh5 54. Qf4+ Qg5 55. Qxd6 Qc1 56. Ka4 Rxb2 57. Rc5 Ra2+ 58. Kb5 Qf1+ 59. c4 Qf3 60. Rc6 Rg2 61. Qf8+ Kg5 62. Qf6+ Kf4 63. Qd6+ Ke3 64. Rc7 f4 65. Rd7 Kf2 66. c5 Rg5 67. Qd2+ Kg3 68. Rd3 Re5 69. Rxf3+ Kxf3 70. Kb6 Kg3 71. Qd3+ Re3 72. Qxg6+ Kh2 73. Qf5 1-0

[Event "Barbera del Valles op 45th"]
[Site "Barbera del Valles"]
[Date "2023.07.07"]
[Round "4"]
[White "Vivaan, Vijay Saraogi"]
[Black "Flom, Gabriel"]
[Result "1-0"]
[WhiteElo "1739"]
[BlackElo "2438"]
[PlyCount "65"]
[EventDate "2023.07.04"]
[EventType "swiss"]
[EventRounds "9"]
[EventCountry "ESP"]
[SourceTitle "CBM 215 Extra"]
[Source "ChessBase"]
[SourceDate "2023.09.30"]
[SourceVersion "1"]
[SourceVersionDate "2023.09.30"]
[SourceQuality "1"]

1. e4 d6 2. d4 Nf6 3. Nc3 e5 4. Nf3 Nbd7 5. Bc4 Be7 6. 0-0 0-0 7. h3 c6 8. a4 h6 9. Be3 Re8 10. dxe5 dxe5 11. Qe2 a5 12. Rad1 Qc7 13. Nh4 Nb6 14. Bb3 Bd8 15. f4 Be6 16. fxe5 Nfd7 17. Bxe6 Rxe6 18. Qf2 Nxe5 19. Rxd8+ Qxd8 20. Bxb6 Qe8 21. Nf5 Rg6 22. Ne2 Nc4 23. Bd4 Nd2 24. Nxg7 Rxg7 25. Bxg7 Nxf1 26. Bc3 Qxe4 27. Qf6 Qh7 28. Kxf1 Re8 29. Ng3 Kf8 30. Nf5 Re6 31. Qd8+ Re8 32. Qd6+ Kg8 33. Nxh6+ 1-0

[Event "IND-ch U12"]
[Site "Srinivasapura"]
[Date "2022.04.14"]
[Round "11"]
[White "Vivaan, Vijay Saraogi"]
[Black "Reyan, Md"]
[Result "1/2-1/2"]
[WhiteElo "1519"]
[BlackElo "1522"]
[PlyCount "61"]
[EventDate "2022.04.09"]
[EventType "swiss"]
[EventRounds "11"]
[EventCountry "IND"]
[SourceTitle "EXT 2023"]
[Source "ChessBase"]
[SourceDate "2022.10.05"]
[SourceVersion "1"]
[SourceVersionDate "2022.10.05"]
[SourceQuality "1"]

1. d4 Nf6 2. Bf4 g6 3. Nc3 d5 4. e3 Bg7 5. h4 0-0 6. h5 c5 7. hxg6 hxg6 8. Qd2 Nc6 9. 0-0-0 Qa5 10. f3 Nh5 11. Nge2 Nxf4 12. Nxf4 cxd4 13. exd4 e5 14. Nfxd5 exd4 15. Bc4 dxc3 16. Qg5 cxb2+ 17. Kb1 Bf5 18. Nf6+ Bxf6 19. Qh6 Bxc2+ 20. Kxc2 Qf5+ 21. Rd3 Nb4+ 22. Kb1 Qxd3+ 23. Bxd3 Rfd8 24. Bxg6 fxg6 25. Qxg6+ Bg7 26. Qe6+ Kf8 27. Qf5+ Kg8 28. Qh7+ Kf8 29. Qf5+ Kg8 30. Qh7+ Kf8 31. Qf5+ 1/2-1/2

[Event "Eastern Asia-ch U10"]
[Site "Tornelo INT"]
[Date "2021.10.31"]
[Round "7"]
[White "Vivaan, Vijay Saraogi"]
[Black "Nguyen, Quang Minh1111"]
[Result "0-1"]
[WhiteElo "1454"]
[BlackElo "1391"]
[PlyCount "144"]
[EventDate "2021.10.29"]
[EventType "swiss"]
[EventRounds "9"]
[EventCountry "NET"]
[SourceTitle "EXT 2023"]
[Source "ChessBase"]
[SourceDate "2022.10.05"]
[SourceVersion "1"]
[SourceVersionDate "2022.10.05"]
[SourceQuality "1"]

1. e4 e5 2. Nf3 Nc6 3. Bb5 a6 4. Ba4 Nf6 5. 0-0 b5 6. Bb3 Be7 7. Re1 d6 8. c3 0-0 9. h3 Na5 10. Bc2 c5 11. d4 Nc6 12. d5 Nb8 13. Nbd2 Nbd7 14. Nf1 Re8 15. Ng3 Bf8 16. a4 Bb7 17. Nh2 g6 18. f4 exf4 19. Bxf4 Ne5 20. Rf1 Nfd7 21. Ng4 Nxg4 22. Qxg4 Ne5 23. Qd1 Bg7 24. Qd2 Nc4 25. Qf2 Qd7 26. Bd1 Ne5 27. Be2 h6 28. Qe3 Kh7 29. Rf2 b4 30. Raf1 Rf8 31. h4 Rae8 32. h5 g5 33. Bxe5 Rxe5 34. Qd3 bxc3 35. bxc3 Kg8 36. Nf5 Qc7 37. Nxg7 Kxg7 38. Rf6 Qe7 39. Qf3 Bxd5 40. exd5 Rxe2 41. Qf5 Re5 42. Qd3 a5 43. c4 Re3 44. Rg6+ Kh7 45. Qf5 Re5 46. Re6+ Rxf5 47. Rxe7 Rxf1+ 48. Kxf1 Rb8 49. Rxf7+ Kg8 50. Rf6 Rf8 51. Rf2 Rb8 52. Rf6 Rf8 53. Rxf8+ Kxf8 54. Ke2 Kf7 55. Kf3 Kf6 56. Kg4 Ke5 57. g3 Ke4 58. Kh3 Kf3 59. g4 Kf4 60. Kh2 Kxg4 61. Kg2 Kxh5 62. Kh3 g4+ 63. Kg3 Kg5 64. Kg2 Kf4 65. Kf2 g3+ 66. Kg2 Kg4 67. Kg1 Kf3 68. Kf1 g2+ 69. Kg1 h5 70. Kh2 Kf2 71. Kh3 g1Q 72. Kh4 Qg4# 0-1

[Event "Eastern Asia-ch U10"]
[Site "Tornelo INT"]
[Date "2021.10.30"]
[Round "6"]
[White "Nguyen, Nghia Gia Binh"]
[Black "Vivaan, Vijay Saraogi"]
[Result "0-1"]
[WhiteElo "1376"]
[BlackElo "1454"]
[PlyCount "104"]
[EventDate "2021.10.29"]
[EventType "swiss"]
[EventRounds "9"]
[EventCountry "NET"]
[SourceTitle "EXT 2023"]
[Source "ChessBase"]
[SourceDate "2022.10.05"]
[SourceVersion "1"]
[SourceVersionDate "2022.10.05"]
[SourceQuality "1"]

1. e4 c5 2. c3 Nf6 3. e5 Nd5 4. d4 cxd4 5. Nf3 Nc6 6. cxd4 d6 7. exd6 Qxd6 8. Be2 Bg4 9. 0-0 e6 10. h3 Bh5 11. Nc3 Be7 12. Be3 0-0 13. Qd2 Nxe3 14. fxe3 Bg6 15. a3 a6 16. b4 Rac8 17. Na4 Qg3 18. Nb6 Rcd8 19. Qe1 Qc7 20. Nc4 Rc8 21. Rc1 Qb8 22. Nfe5 Nxe5 23. Nxe5 Rxc1 24. Qxc1 Rc8 25. Qd1 Bd6 26. Nxg6 hxg6 27. Qd2 Qc7 28. Bf3 b6 29. d5 Qc3 30. Rd1 exd5 31. Bxd5 Qxd2 32. Rxd2 Bg3 33. Kf1 Rc3 34. Ke2 Rxa3 35. Bc4 Ra4 36. Rd8+ Kh7 37. Bxf7 Rxb4 38. Kf3 Be5 39. Bg8+ Kh6 40. Bd5 Kg5 41. Re8 Bc3 42. Rf8 Rb1 43. h4+ Kxh4 44. Kf4 g5+ 45. Kf5 Rf1+ 46. Bf3 g4 47. Kf4 g5+ 48. Ke4 gxf3 49. gxf3 Kg3 50. Rg8 Rxf3 51. Rxg5+ Kf2 52. Rh5 Rxe3+ 0-1